Main Shakespeare Characters by Play Quiz Stats

Quiz Updated Apr 27, 2016

Challenge
Share
Tweet
Embed
Score 0/24 Timer 05:00
2 Plays Today
% Correct
Romeo
99.5%
Juliet
99.2%
Hamlet
97.7%
Macbeth
96.1%
Othello
94.4%
Cleopatra
93.6%
Mark Antony
92.7%
Mark Antony
92.7%
Henry VIII
84.5%
Lady Macbeth
82.5%
Marcus Brutus
75.1%
Iago
71.5%
% Correct
Desdemona
62.1%
Shylock
54.9%
Polonius
45%
Claudius
41%
Portia
36.8%
Caius Cassius
34.4%
Friar Laurence
26.7%
Malcolm
17.4%
Queen Katherine
17.4%
Bassanio
14.5%
Octavius Caesar
13.4%
Cardinal Wolsey
12.5%

You're not logged in!

Compare scores with friends on all Sporcle quizzes.
Join for Free
OR
Log In

You Might Also Like...

Show Comments

Extras

Top Quizzes Today


Score Distribution

Your Account Isn't Verified!

In order to create a playlist on Sporcle, you need to verify the email address you used during registration. Go to your Sporcle Settings to finish the process.

Report this User

Report this user for behavior that violates our Community Guidelines.

Details: